Quiz Culture G. (11) - Statistiques

Statistiques générales
  • Ce quiz a été pris 184 fois
  • Le résultat moyen est 9 sur 20
Statistiques - réponses
Réponse % Correct
Quelle est la monnaie du Japon ? Yen
93%
En formule 1, quel pays représente Charles Leclerc ? Monaco
81%
Quel est le produit de base du houmous traditionnel ? Pois chiche
78%
Quel fast food a comme sandwich phare le Whopper ? Burger King
76%
Dans la mythologie grecque, quel Dieu d'une grande beauté tombe amoureux de son reflet ? Narcisse
67%
Quel acteur et réalisateur est connu pour ses films "Babysitting" et "Alibi.com" ? Philippe Lacheau
65%
Dans quel état américain se situe Las Vegas ? Nevada
60%
Quelle ville du Maroc abrite la Mosquée Hassan II sur le bord de l'Atlantique ? Casablanca
57%
Quel anglicisme désigne la fête durant laquelle les couples célèbrent l'arrivée de leur futur enfant et en dévoilent souvent le sexe ? Baby shower
50%
A quelle émission centrée sur la mer est associée le nom de Georges Pernoud ? Thalassa
43%
Quel italien a créé la première pile électrique ? Volta
40%
En rugby quel est le surnom des joueurs de l'Afrique du Sud ? Springboks
36%
Quelle chanteuse française a connu le succès en 2023 avec "La symphonie des éclairs" ? Zaho de Sagazan
32%
Avec quelle chanteuse Eminem interprete-il son duo "Stan" ? Dido
22%
Quel était le vrai prénom de Coco Chanel ? Gabrielle
21%
En Inde, Holi est appelé la fête des ? Couleurs
20%
Quelle préparation de saumon cru est originaire de Scandinavie ? Gravlax
20%
Quel artiste est connu pour emballer les monuments, comme il l'a fait en 2021 avec l'Arc de Triomphe ? Christo
19%
Quel acteur est à l'affiche du film "7 vies" en 2008 ? Will Smith
14%
A quel écrivain doit on "Le lys dans la vallée" ? Balzac
13%
Aucun quiz correspondant
Distribution des résultats
% des personnes avec chaque résultat
Percentile par nombre de réponses
Votre historique - résultats
Vous n’avez pas pris ce quiz